000 00299nam a22001217a 4500
003 OSt
008 150420b xxu||||| |||| 00| 0 eng d
100 1 _aJohnson, Iver R.
041 _aeng
245 1 0 _aWestervelt's Post, Chester, New York
260 _aChester, N.Y.
_bIver R. Johnson
300 _a0 pages
999 _c1314
_d1314